| 000 | 00894nam a22001937a 4500 | ||
|---|---|---|---|
| 003 | BR-ViAPE | ||
| 005 | 20260417120823.0 | ||
| 008 | 260417s1926 por gs||||s000 0 por d | ||
| 040 | _cBR-ViAPE | ||
| 110 |
_aEspírito Santo _bEstado |
||
| 245 | _aRelatório apresentado a S. Exa. o Sr. Presidente do Estado, Dr. Florentino Avidos, pelo Exmo. Sr. Secretario da Fazenda Alziro Vianna em 15 de fevereiro de 1926 | ||
| 260 |
_a[s.l.] _b[s.n.] _c1926 |
||
| 300 |
_a39 p. _bDocumento digitalizado (PDF) |
||
| 500 | _aDocumento digitalizado do acervo institucional do Arquivo Público do Estado do Espírito Santo - APEES. | ||
| 650 |
_xAdministração pública _zEspírito Santo |
||
| 651 |
_aEspírito Santo _xRelatórios governamentais |
||
| 856 |
_uhttps://ape.es.gov.br/Media/ape/PDF/Relatorios/1919/relatorio6%20-%20ano%201926.pdf _yCLIQUE AQUI PARA ACESSAR O DOCUMENTO |
||
| 942 |
_2ddc _cMSGREL _n1 |
||
| 999 |
_c496 _d496 |
||